[Event "South American zonal"]
[Site "Tramandai BRA"]
[Date "1978.09.??"]
[Round "9"]
[White "Hase, Juan Carlos"]
[Black "Van Riemsdijk, Herman Claudius"]
[Result "0-1"]
[WhiteElo "2410"]
[BlackElo "2375"]
[EventDate "1978.09.16"]
[PlyCount "79"]

1.e4 e5 2.Nc3 Nf6 3.g3 d6 4.Bg2 c6 5.Nf3 b5 6.d3 Be7 7.h3 O-O 8.O-O Nbd7 
9.Nh4 g6 10.f4 Ne8 11.Nf3 Ng7 12.d4 b4 13.Ne2 exd4 14.Nfxd4 Bb7 15.c4 Nb6 
16.b3 Qd7 17.Bb2 Rae8 18.Nc2 f5 19.exf5 Nxf5 20.Qd3 c5 21.Rad1 Bf6 22.Bxf6
Rxf6 23.Rfe1 Bxg2 24.Kxg2 d5 25.cxd5 Rd6 26.Ng1 Rxe1 27.Rxe1 Rxd5 28.Qe4 
Rd2+ 29.Re2 Qd3 30.Qxd3 Rxd3 31.Nf3 Rc3 32.Kf2 a5 33.Nce1 a4 34.Re6 axb3 
35.axb3 Nd5 36.Re5 Nf6 37.g4 Nd6 38.Re3 Nde4+ 39.Ke2 Ng3+ 40.Kf2 0-1

[Event "South American zonal"]
[Site "Tramandai BRA"]
[Date "1978.09.??"]
[Round "9"]
[White "Silva Sanchez, Carlos"]
[Black "Segal, Alexandru Sorin"]
[Result "1/2-1/2"]
[WhiteElo "2405"]
[BlackElo "2395"]
[EventDate "1978.09.16"]
[PlyCount "58"]

1.e4 g6 2.d4 Bg7 3.c4 c5 4.d5 d6 5.Nc3 Nf6 6.Nf3 O-O 7.Be2 a6 8.a4 e5 9.
Bg5 h6 10.Bh4 Nbd7 11.Nd2 Qc7 12.a5 Nh7 13.f3 f5 14.Qc2 Ndf6 15.Bf2 Nh5 
16.b4 cxb4 17.Bb6 Qe7 18.Na2 Nf4 19.Bf1 fxe4 20.Nxe4 Ng5 21.Nxb4 Nxe4 22.
fxe4 Qg5 23.Ra3 Bd7 24.Qd2 Qe7 25.Rc3 Nh5 26.g3 Rf7 27.Bg2 Kh7 28.Rf1 
Rxf1+ 29.Kxf1 Nf6 1/2-1/2

[Event "South American zonal"]
[Site "Tramandai BRA"]
[Date "1978.09.??"]
[Round "10"]
[White "Estrada Degrandi, Walter"]
[Black "Silva Sanchez, Carlos"]
[Result "1/2-1/2"]
[WhiteElo "2350"]
[BlackElo "2405"]
[EventDate "1978.09.16"]
[PlyCount "82"]

1.e4 c5 2.Nc3 Nc6 3.g3 g6 4.Bg2 Bg7 5.d3 d6 6.Nge2 e5 7.Nd5 Nge7 8.Bg5 h6 
9.Bf6 Bxf6 10.Nxf6+ Kf8 11.c4 Kg7 12.Nd5 Nxd5 13.cxd5 Ne7 14.O-O a5 15.Qd2
Bd7 16.f4 f6 17.Rf2 Rf8 18.Raf1 Qb6 19.a3 a4 20.h3 Ng8 21.g4 Qd8 22.fxe5 
dxe5 23.Qe3 Qe7 24.Ng3 Qd6 25.Bf3 Ne7 26.Be2 Rf7 27.Rg2 Raf8 28.h4 b6 29.
h5 g5 30.Rc1 Ra8 31.Rf2 Rff8 32.Qf3 Ra7 33.Nf1 b5 34.Ne3 Ra6 35.Bf1 Rc8 
36.Rfc2 Ra7 37.Be2 Qb6 38.Qf2 Rac7 39.Kg2 Kf7 40.Rf1 Rf8 41.Rfc1 Rb8 
1/2-1/2

[Event "South American zonal"]
[Site "Tramandai BRA"]
[Date "1978.09.??"]
[Round "10"]
[White "Segal, Alexandru Sorin"]
[Black "Bronstein, Luis Marcos"]
[Result "1/2-1/2"]
[WhiteElo "2395"]
[BlackElo "2400"]
[EventDate "1978.09.16"]
[PlyCount "37"]

1.e4 e5 2.Bc4 Nf6 3.d3 c6 4.Qe2 Bc5 5.Nf3 d6 6.h3 O-O 7.O-O Qe7 8.Nc3 b5 
9.Bb3 Na6 10.Nd1 Nc7 11.Be3 Nh5 12.Kh2 Bxe3 13.Nxe3 Nf4 14.Qd2 Qf6 15.Ng1 
a5 16.a4 b4 17.Rad1 Be6 18.Bxe6 Nfxe6 19.Ne2 1/2-1/2

[Event "South American zonal"]
[Site "Tramandai BRA"]
[Date "1978.09.??"]
[Round "10"]
[White "Van Riemsdijk, Herman Claudius"]
[Black "Campora Sivori, Daniel Hugo"]
[Result "1/2-1/2"]
[WhiteElo "2375"]
[BlackElo "2370"]
[EventDate "1978.09.16"]
[PlyCount "89"]

1.e4 e5 2.Nf3 Nc6 3.Bb5 Nf6 4.Qe2 d6 5.c3 Be7 6.d4 Bd7 7.Nbd2 exd4 8.cxd4 
O-O 9.O-O a6 10.Bd3 Nb4 11.Re1 Nxd3 12.Qxd3 d5 13.e5 Ne8 14.Nf1 Bb5 15.Qe3
Bxf1 16.Rxf1 c6 17.Bd2 Qd7 18.Ne1 Nc7 19.Nd3 Ne6 20.b4 f5 21.f4 Kh8 22.Nc5
Bxc5 23.bxc5 Qf7 24.Rab1 Rad8 25.Rf3 Rd7 26.Qe2 Qe8 27.Rb2 Qd8 28.Kf1 Qe8 
29.Ke1 g6 30.Kd1 Rff7 31.Kc1 Qe7 32.Kb1 Kg8 33.Be1 Rg7 34.Qe3 h6 35.h3 Qd8
36.g4 Rdf7 37.Bg3 Qa5 38.Qd2 Qxd2 39.Rxd2 Kh7 40.Rdf2 Rg8 41.gxf5 Rxf5 42.
Kc2 Rgf8 43.Kc3 R8f7 44.Kb4 Kg7 45.Ka5 1/2-1/2

[Event "South American zonal"]
[Site "Tramandai BRA"]
[Date "1978.09.??"]
[Round "11"]
[White "Bronstein, Luis Marcos"]
[Black "Estrada Degrandi, Walter"]
[Result "1-0"]
[WhiteElo "2400"]
[BlackElo "2350"]
[EventDate "1978.09.16"]
[PlyCount "86"]

1.e4 e5 2.Nf3 Nf6 3.Nxe5 d6 4.Nf3 Nxe4 5.d4 d5 6.Bd3 Be7 7.c4 Nc6 8.cxd5 
Qxd5 9.Nc3 Nxc3 10.bxc3 Bg4 11.Be2 O-O 12.h3 Bh5 13.O-O a6 14.Bf4 Rac8 15.
c4 Qe4 16.Be3 Bf6 17.Nd2 Bxe2 18.Nxe4 Bxd1 19.Rfxd1 Be7 20.d5 Ne5 21.Rac1 
Nd7 22.c5 f5 23.d6 cxd6 24.cxd6 Rxc1 25.Rxc1 fxe4 26.dxe7 Re8 27.Rc7 Rxe7 
28.Rxb7 Rf7 29.Ra7 Nf6 30.Rxa6 Rd7 31.Ra8+ Kf7 32.Ra7 Rxa7 33.Bxa7 Ke6 34.
Bd4 Ne8 35.a4 Kd5 36.Bc3 Kc4 37.Bd2 Nc7 38.g4 Kd3 39.Bf4 Nd5 40.Be5 g6 41.
a5 Nb4 42.Bd6 Na6 43.Kg2 e3 1-0

[Event "South American zonal"]
[Site "Tramandai BRA"]
[Date "1978.09.??"]
[Round "11"]
[White "Campora Sivori, Daniel Hugo"]
[Black "Trois, Francisco"]
[Result "0-1"]
[WhiteElo "2370"]
[BlackElo "2385"]
[EventDate "1978.09.16"]
[PlyCount "102"]

1.e4 g6 2.d4 Bg7 3.Nc3 d6 4.Be3 c6 5.Qd2 Nd7 6.Be2 b5 7.f4 Nb6 8.b3 Nf6 9.
Bf3 O-O 10.Nge2 Qc7 11.Ng3 Bb7 12.O-O b4 13.Nce2 c5 14.Rac1 Nfd7 15.c3 
bxc3 16.Rxc3 Rac8 17.Rc2 Qb8 18.dxc5 Nxc5 19.Rfc1 Nbd7 20.Nc3 Nb6 21.Nd5 
Nxd5 22.exd5 Ba6 23.Ne2 Bxe2 24.Qxe2 a5 25.Rc4 Rce8 26.Qd2 e6 27.dxe6 Rxe6
28.Bd5 Re7 29.Bf2 Rfe8 30.Bf3 Bf6 31.Rd1 Ne4 32.Bxe4 Rxe4 33.Rxe4 Rxe4 34.
Qxa5 Rxf4 35.Qd5 Be5 36.a4 Rb4 37.Rd3 h5 38.g3 Qc8 39.Kg2 h4 40.Rd1 h3+ 
41.Kg1 Qc2 42.a5 Rxb3 43.Rf1 Rd3 44.Qa8+ Kg7 45.Qb7 Rd1 46.Qf3 Rxf1+ 47.
Kxf1 Qb1+ 48.Be1 Qb5+ 49.Qe2 Qd5 50.Qf2 Bd4 51.Qd2 Qh1+ 0-1

[Event "South American zonal"]
[Site "Tramandai BRA"]
[Date "1978.09.??"]
[Round "11"]
[White "Emma, Jaime"]
[Black "Segal, Alexandru Sorin"]
[Result "1/2-1/2"]
[WhiteElo "2390"]
[BlackElo "2395"]
[EventDate "1978.09.16"]
[PlyCount "38"]

1.e4 e6 2.d4 d5 3.Nd2 dxe4 4.Nxe4 Bd7 5.Nf3 Bc6 6.Bd3 Nd7 7.O-O Be7 8.c4 
Ngf6 9.Nc3 Bxf3 10.Qxf3 c6 11.Re1 O-O 12.Bf4 Re8 13.Rad1 Nf8 14.a3 a6 15.
h3 Rc8 16.Bb1 Bd6 17.Bg5 N8d7 18.Ne4 Be7 19.Ng3 b5 1/2-1/2

[Event "South American zonal"]
[Site "Tramandai BRA"]
[Date "1978.09.??"]
[Round "12"]
[White "Estrada Degrandi, Walter"]
[Black "Emma, Jaime"]
[Result "0-1"]
[WhiteElo "2350"]
[BlackElo "2390"]
[EventDate "1978.09.16"]
[PlyCount "60"]

1.e4 c5 2.Nf3 d6 3.d4 cxd4 4.Nxd4 Nf6 5.Nc3 g6 6.Be2 Bg7 7.Be3 O-O 8.O-O 
Nc6 9.f4 Qb6 10.Qd3 Ng4 11.Nd5 Bxd4 12.Nxb6 Bxe3+ 13.Kh1 Bxb6 14.Bxg4 Bxg4
15.h3 Bd7 16.f5 Ne5 17.Qd2 gxf5 18.exf5 f6 19.Rf4 Rf7 20.b3 Bc6 21.Re1 Rg7
22.Re2 Kh8 23.Kh2 Rag8 24.g4 h5 25.Kg3 hxg4 26.h4 Rh7 27.Rxe5 dxe5 28.Rxg4
Rxg4+ 29.Kxg4 Rg7+ 30.Kh3 e4 0-1

[Event "South American zonal"]
[Site "Tramandai BRA"]
[Date "1978.09.??"]
[Round "12"]
[White "Silva Sanchez, Carlos"]
[Black "Bronstein, Luis Marcos"]
[Result "1/2-1/2"]
[WhiteElo "2405"]
[BlackElo "2400"]
[EventDate "1978.09.16"]
[PlyCount "21"]

1.d4 d5 2.c4 e6 3.Nc3 Nf6 4.Bg5 Be7 5.e3 h6 6.Bh4 O-O 7.Nf3 b6 8.Rc1 Bb7 
9.Bxf6 Bxf6 10.cxd5 exd5 11.b4 1/2-1/2

[Event "South American zonal"]
[Site "Tramandai BRA"]
[Date "1978.09.??"]
[Round "12"]
[White "Van Riemsdijk, Herman Claudius"]
[Black "Frias Pablaza, Victor"]
[Result "1-0"]
[WhiteElo "2375"]
[BlackElo "2400"]
[EventDate "1978.09.16"]
[PlyCount "61"]

1.c4 e6 2.g3 d5 3.Bg2 Nf6 4.Nf3 c5 5.O-O Be7 6.cxd5 exd5 7.d4 O-O 8.dxc5 
Bxc5 9.Nc3 Nc6 10.Bg5 d4 11.Bxf6 Qxf6 12.Ne4 Qe7 13.Nxc5 Qxc5 14.Rc1 Qb6 
15.Qc2 g6 16.Rfd1 Bf5 17.Qd2 Rad8 18.Qh6 Rd7 19.Ng5 Re8 20.Qxh7+ Kf8 21.
Bf3 Nd8 22.Qh8+ Ke7 23.Qe5+ Be6 24.Nh7 Rd6 25.Nf6 Kf8 26.Nxe8 Kxe8 27.e3 
d3 28.Rc3 d2 29.Rc2 Kf8 30.Rcxd2 Rxd2 31.Rxd2 1-0

[Event "South American zonal"]
[Site "Tramandai BRA"]
[Date "1978.09.??"]
[Round "13"]
[White "Campora Sivori, Daniel Hugo"]
[Black "Segal, Alexandru Sorin"]
[Result "1/2-1/2"]
[WhiteElo "2370"]
[BlackElo "2395"]
[EventDate "1978.09.16"]
[PlyCount "24"]

1.e4 e6 2.d4 d5 3.exd5 exd5 4.Bd3 Nc6 5.Nf3 Bd6 6.O-O Nge7 7.h3 O-O 8.c3 
Bf5 9.Re1 Qd7 10.Qc2 Bxd3 11.Qxd3 a6 12.Nbd2 Qf5 1/2-1/2

[Event "South American zonal"]
[Site "Tramandai BRA"]
[Date "1978.09.??"]
[Round "13"]
[White "Dienavorian Lacherian, Manuel"]
[Black "Van Riemsdijk, Herman Claudius"]
[Result "0-1"]
[WhiteElo "2360"]
[BlackElo "2375"]
[EventDate "1978.09.16"]
[PlyCount "72"]

1.e4 c5 2.Nf3 e6 3.g3 Nc6 4.Bg2 a6 5.O-O d6 6.Nc3 Nge7 7.d3 g6 8.Be3 Bg7 
9.h3 O-O 10.Qd2 Re8 11.Kh2 Nd4 12.Bxd4 cxd4 13.Ne2 Nc6 14.c3 dxc3 15.Nxc3 
Bd7 16.Rac1 Rc8 17.Rfd1 Nd4 18.Nxd4 Bxd4 19.f4 Qb6 20.Qe2 Rc7 21.Rc2 Rec8 
22.Rdc1 Qa5 23.h4 Kg7 24.Bf3 h5 25.Bg2 b5 26.a3 b4 27.axb4 Qxb4 28.Bf1 a5 
29.Ra1 a4 30.Rac1 Qb6 31.Nd1 Rxc2 32.Rxc2 Qb3 33.Rxc8 Bxc8 34.Bg2 Bxb2 35.
Qxb2+ Qxb2 36.Nxb2 a3 0-1

[Event "South American zonal"]
[Site "Tramandai BRA"]
[Date "1978.09.??"]
[Round "13"]
[White "Emma, Jaime"]
[Black "Silva Sanchez, Carlos"]
[Result "1/2-1/2"]
[WhiteElo "2390"]
[BlackElo "2405"]
[EventDate "1978.09.16"]
[PlyCount "30"]

1.e4 e6 2.d4 d5 3.Nd2 dxe4 4.Nxe4 Nd7 5.Nf3 Ngf6 6.Nxf6+ Nxf6 7.Bd3 Be7 8.
O-O O-O 9.Qe2 b6 10.Bg5 Bb7 11.Rad1 Bxf3 12.Qxf3 Qd5 13.Qxd5 Nxd5 14.Bxe7 
Nxe7 15.Rfe1 Rfd8 1/2-1/2

[Event "South American zonal"]
[Site "Tramandai BRA"]
[Date "1978.09.??"]
[Round "13"]
[White "Frias Pablaza, Victor"]
[Black "Trois, Francisco"]
[Result "0-1"]
[WhiteElo "2400"]
[BlackElo "2385"]
[EventDate "1978.09.16"]
[PlyCount "74"]

1.e4 e5 2.Nf3 Nc6 3.Bb5 a6 4.Ba4 Nf6 5.O-O Be7 6.Re1 b5 7.Bb3 d6 8.c3 O-O 
9.d4 Bg4 10.Be3 exd4 11.cxd4 Na5 12.Bc2 c5 13.Nbd2 cxd4 14.Bxd4 Nc6 15.Be3
d5 16.exd5 Nxd5 17.Bxh7+ Kxh7 18.Qc2+ Kg8 19.Qxc6 Bb4 20.Bg5 f6 21.Re4 Rc8
22.Qxa6 Bf5 23.Bh4 Qd7 24.Rxb4 Nxb4 25.Qb6 Nc2 26.Rf1 Rb8 27.Qa5 Ra8 28.
Qb6 Rfb8 29.Qc5 Ra6 30.Rc1 Rc6 31.Rxc2 Rxc5 32.Rxc5 Rc8 33.Rxc8+ Qxc8 34.
Nb3 Be6 35.Nfd4 Bxb3 36.Nxb3 Qg4 37.g3 g5 0-1

[Event "South American zonal"]
[Site "Tramandai BRA"]
[Date "1978.09.??"]
[Round "13"]
[White "Hase, Juan Carlos"]
[Black "Estrada Degrandi, Walter"]
[Result "1/2-1/2"]
[WhiteElo "2410"]
[BlackElo "2350"]
[EventDate "1978.09.16"]
[PlyCount "104"]

1.e4 e5 2.Nc3 Nf6 3.g3 c6 4.d4 d6 5.a4 Be7 6.Bg2 O-O 7.Nf3 Bg4 8.dxe5 Bxf3
9.Qxf3 dxe5 10.O-O Nbd7 11.Nd1 Nc5 12.Qe2 Ne6 13.Ne3 Nd4 14.Qd1 g6 15.Nc4 
Nd7 16.Bh6 Re8 17.c3 Ne6 18.Nd6 Bxd6 19.Qxd6 Qe7 20.Qxe7 Rxe7 21.Rfd1 Nf6 
22.f3 Rd7 23.Be3 Kf8 24.a5 Ke7 25.a6 b6 26.b4 Rad8 27.Rxd7+ Rxd7 28.Bf1 
Ne8 29.Kf2 f6 30.Bc4 N8c7 31.Ke1 Nb5 32.Bd2 Nec7 33.Ke2 Rd8 34.f4 Nd6 35.
Bd3 Ne6 36.Rf1 g5 37.fxe5 fxe5 38.Rf5 Nf7 39.Be3 h6 40.Rf1 Nd6 41.Rh1 Kf6 
42.h4 Kg7 43.hxg5 hxg5 44.Bc2 Nb5 45.Kf3 Nxc3 46.Kg4 Nb5 47.Bb3 Rd3 48.
Bxe6 Rxe3 49.Bf5 Nd6 50.Rh7+ Kf6 51.Rh6+ Ke7 52.Rh7+ Kf6 1/2-1/2